1787 1547 1050 1786 1292 1212 1519 1858 1422 1102 1965 1701 1649 1121 1928 1775 1743 1363 1661 1260 1106 1294 1842 1464 1357 1155 1634 1833 1478 1501 1216 1118 1598 1752 1630 1210 1484 1362 1657 1590 1393 1336 1602 1310 1123 1484 1086 1298 1083 1942 1062 1448 1657 1873 1637 1327 1207 1057 1834 1888 1178 1296 1975 1949 1644 1770 1043 1252 1028 1014 1587 1696 1005 1603 1121 1797 1863 1564 1687 1894 1404 1037 1882 1147 1415 1576 1504 1797 1025 1349 1890 1446 1238 1590 1523 1255 1146 1374 1583 BCNSPRNW ULIB Ver.6.0+V

เปลี่ยนเป็นภาษาไทย

Change to English
 แสดงรายละเอียดบรรณานุกรม
  กลับหน้าหลัก

Brief Record : Get Marc (ISO 2709) : E-mail record : QR code < ปิดหน้าต่าง
LEADER : 00000nam 2200000uu 4500
001    13399120586
003     ULIB
008    120928s2552||||th 000 0 tha d
020    ^a9786111100570
060 04 ^aWY154^bก451 2552
245 00 ^aการดูแลด้านจิตวิญญาณในผู้ป่วยระยะสุดท้าย /^cศรีเกียรติอนันต์สวัสดิ์, บรรณาธิการ
250    ^aพิมพ์ครั้งที่ 1
260    ^aนนทบุรี :^bโครงการสวัสดิการวิชาการ สถาบันพระบรมราชชนก,^c2552
300    ^a108 หน้า ;^c26 ซม.
650  7 ^aการพยาบาลผู้ป่วยวิกฤต^xแง่จิตวิทยา
650  7 ^aผู้ป่วยหนัก^xการดูแล^xแง่จิตวิทยา
650  7 ^aผู้ป่วยใกล้ตาย^xการดูแล^xแง่จิตวิทยา
650  7 ^aการพยาบาลด้านจิตวิญญาณ
700 0  ^aศรีเกียรติ อนันต์สวัสดิ์,^eบรรณาธิการ
710 2  ^aสถาบันพระบรมราชชนก.^bโครงการสวัสดิการวิชาการ
945    ^p230^l0^i16825
945    ^p230^l0^i16826
945    ^p230^l0^i16827
945    ^p230^l0^i16899
945    ^p230^l0^i16900
945    ^p230^l0^i17893
945    ^p230^l0^i17894
995    ^aวิภา
999 ^a ใช้งานได้ทุกระบบ
รายการนี้ยังไม่มีแท็ก
คุณยังไม่ได้ล็อกอิน คุณสามารถมีกิจกรรมร่วมกับเว็บไซต์ได้ แต่ต้องล็อกอินก่อน ::
  ล็อกอิน

รายการสื่อสารสนเทศ

ลำดับที่ ประเภท เลขเรียก/บาร์โค้ด สถานที่ สถานะ
- ไม่พบข้อมูล -

รายการใกล้เคียง
    หัวเรื่อง [การพยาบาลด้านจิตวิญญาณ]

BibComment


ยังไม่เคยถูกคอมเมนท์

คอมเมนท์ทรัพยากรรายการนี้
  คอมเมนท์: การดูแลด้านจิตวิ..


 Copyright 2026. Bcnsprnw @Library